Вып. 31 : ИК- и КР-спектры силатранов и модельных соединений; Атлас спектров органических соединений

Bibliographische Detailangaben
Parent link:Атлас спектров органических соединений/ Академия наук СССР (АН СССР), Сибирское отделение (СО), Новосибирский институт органической химии ; под ред. В. А. Коптюга. Вып. 31 : ИК- и КР-спектры силатранов и модельных соединений.— , 1985
Sprache:Russisch
Veröffentlicht: 1985
Schlagworte:
Format: MixedMaterials Buch
KOHA link:https://koha.lib.tpu.ru/cgi-bin/koha/opac-detail.pl?biblionumber=279514

MARC

LEADER 00000nam0a2200000 4500
001 279514
005 20231101235221.0
035 |a (RuTPU)RU\TPU\book\302807 
035 |a RU\TPU\book\203427 
090 |a 279514 
100 |a 20141220d1985 km y0rusy50 ca 
101 0 |a rus 
102 |a RU 
105 |a a z 001zy 
200 0 |a Вып. 31 : ИК- и КР-спектры силатранов и модельных соединений 
210 |d 1985 
215 |a 174 с.  |c ил. 
320 |a Библиогр.: с. 169-173 
320 |a Формульный указатель: с. 163-168 
461 |t Атлас спектров органических соединений  |f Академия наук СССР (АН СССР), Сибирское отделение (СО), Новосибирский институт органической химии ; под ред. В. А. Коптюга  |v Вып. 31 : ИК- и КР-спектры силатранов и модельных соединений  |d 1985 
606 1 |a Органические соединения  |x Спектры  |2 stltpush  |3 (RuTPU)RU\TPU\subj\75626  |9 87315 
610 1 |a поглощение 
610 1 |a получение 
610 1 |a физические константы 
610 1 |a атласы 
675 |a 547:544.17  |v 4 
801 1 |a RU  |b 63413507  |c 20101116 
801 2 |a RU  |b 63413507  |c 20180201  |g RCR 
942 |c BK